00672 2200241 4500001002100000005001500021008004100036020001800077035001900095041000700114082001000121090001600131100001700147700001600164245008800180260002700268300003300295650001800328990001900346990002300365990002300388990001900411INLIS00000000000887320241224113726241224||||||||| | ||| |||| || |  a979-730-811-1 0010-1224008873 aid0 a398.2 a398.2 SET j0 aU. Syahbudin0 aA. Setiawan00aJaya Prakosa: Senapati Kerajaan Pakuan Pajajaran dan Patih Kerajaan Sumedang Larang aBandungbPustaka Setia a26,5x19 cm, 140 hlm.; ilus.: 0aCerita Rakyat a05.17.01.09.03 a05.17.01.09.03 001 a05.17.01.09.03 001 a05.17.01.09.03